[Event "GCT Zagreb 2019"]
[Site "Zagreb"]
[Date "2019.06.27"]
[Round "2.4"]
[White "Aronian, Levon"]
[Black "Giri, Anish"]
[Result "1/2-1/2"]
[WhiteElo "2752"]
[BlackElo "2779"]
[Annotator "TA"]
[PlyCount "110"]
[EventDate "2019.06.26"]
[EventType "tourn"]
[EventCountry "CRO"]
[SourceTitle "playchess.com"]
[Source "ChessBase"]
[SourceQuality "1"]

{[%evp 18,110,18,8,13,10,13,6,13,20,12,0,0,0,6,5,11,11,9,6,10,9,20,0,14,13,14,14,12,4,5,2,6,4,20,0,12,0,4,0,0,0,0,0,0,0,16,16,16,16,16,0,0,0,16,16,16,16,16,16,56,56,56,56,56,56,56,56,56,56,72,56,72,14,14,14,14,14,14,14,14,14,14,14,14,14,14,14,17,17,17,17,17,17,17]} 1. c4 Nf6 2. g3 e6 3. Bg2 d5 4. Nf3 Be7 5. d4 O-O 6. O-O dxc4 7. Qc2 a6 8. a4 Bd7 9. Qxc4 Bc6 10. Bf4 Bd6 {E05: Open Catalan: 5 Nf3 Be7} 11. Bg5 (11. Qc1 Nbd7 12. Nc3 Qe7 13. a5 Bxf3 14. Bxf3 Bxf4 15. Qxf4 c6 16. Qd2 Rad8 17. Qc2 e5 18. d5 {½-½ (63) Fedoseev,V (2718)-Yu,Y (2784) Hengshui 2019}) 11... Nbd7 12. Nbd2 h6 13. Bxf6 Nxf6 {[#]} 14. Rfd1 $146 ({Predecessor:} 14. Rfc1 a5 15. e3 Qe7 16. Qe2 Rfd8 17. Nc4 Bb4 18. Rd1 Rac8 19. Nfe5 Bxg2 20. Kxg2 c5 21. dxc5 Qxc5 22. Rac1 Rxd1 23. Qxd1 b5 24. axb5 Qxb5 25. b3 {½-½ (25) Siikaluoma,A (2552)-Kukk,R (2584) ICCF email 2014}) 14... Qe7 15. Ne1 Bd5 16. Qc2 {aiming for e4.} Bxg2 17. Kxg2 c5 18. dxc5 Bxc5 {Black wants to play ...Ng4.} 19. Rac1 Bb4 20. Qc7 Qe8 21. Qxb7 Bxd2 22. Rxd2 Qxa4 23. Nd3 Nd5 24. Qc6 Qa5 25. Rdd1 Rfb8 26. Qc4 (26. Rc4 {keeps more tension.} Qa2 27. Rdc1 Qb3 28. Qc5 a5 29. Qd4) 26... Ra7 (26... Nb4 {with more complications.} 27. Nc5 Nd5 28. e4 Nf6 29. b3 Qb6) 27. Qc5 (27. Qd4 {is more complex.} Qb6 28. Qxb6 Rxb6 29. Rc4 g5 30. Ra1) 27... Qxc5 28. Rxc5 g5 29. Rdc1 Kg7 30. R1c4 Rab7 31. h4 Rb3 32. hxg5 hxg5 33. Ra5 $36 {[%mdl 2048] White is pushing.} Nb4 34. Ne5 Rb7 35. Nf3 f6 36. Nd4 $1 {[%csl LRb3,LRe6][%mdl 64] [#] Double Attack} Rxb2 37. Nxe6+ Kg6 38. Nd4 Rd2 39. Rac5 a5 40. Rxa5 Rxd4 {[%mdl 64] [#] Remove Defender, Decoy} 41. Rxd4 $14 {[%mdl 4096] Endgame KRR-KRN} Nc6 42. Raa4 {Strongly threatening Rd6.} Nxd4 43. Rxd4 {KR-KR} Rb2 44. Kf3 Kf7 45. e4 ({Better is} 45. g4 $16) 45... Ke6 $11 {The position is equal.} 46. Ke3 f5 47. Rd5 Rb3+ 48. Rd3 Rb2 49. f3 Rg2 50. exf5+ Kxf5 51. g4+ Kg6 52. Rd6+ Kg7 53. Ke4 {Threatening Kf5.} Rf2 54. Kf5 Rxf3+ 55. Kxg5 {next Rd7+ is good for White.} Ra3 {Accuracy: White = 69%, Black = 67%.} 1/2-1/2

[Event "GCT Zagreb 2019"]
[Site "Zagreb"]
[Date "2019.06.27"]
[Round "2.5"]
[White "So, Wesley"]
[Black "Vachier-Lagrave, Maxime"]
[Result "1/2-1/2"]
[WhiteElo "2754"]
[BlackElo "2779"]
[Annotator "TA"]
[PlyCount "57"]
[EventDate "2019.06.26"]
[EventType "tourn"]
[EventCountry "CRO"]
[SourceTitle "playchess.com"]
[Source "ChessBase"]
[SourceQuality "1"]

{[%evp 26,57,11,9,9,14,13,14,16,12,14,0,0,0,0,0,0,0,0,0,0,0,0,0,0,0,0,0,0,0,0,0,0,0]} 1. Nf3 c5 2. c4 Nf6 3. g3 g6 4. b3 Bg7 5. Bb2 b6 6. Bg2 Bb7 7. O-O O-O 8. Nc3 d5 9. Nxd5 Nxd5 10. Bxg7 Kxg7 11. cxd5 Qxd5 12. d4 cxd4 13. Qxd4+ Qxd4 14. Nxd4 {The position is equal.} Bxg2 {A30: Symmetrical English: Double Fianchetto and Hedgehog} 15. Kxg2 a5 16. Rfd1 (16. Rac1 Na6 17. Rc6 Rab8 18. a3 Rfd8 19. e3 Rb7 20. f4 Nc5 21. Kf3 Re8 22. b4 axb4 23. axb4 {½-½ (40) Pantsulaia,L (2607)-Vachier Lagrave,M (2804) Doha 2016}) 16... Rc8 17. Rac1 Na6 18. Nb5 $146 ({Predecessor:} 18. Nc6 Nb4 19. Nxb4 Rxc1 20. Rxc1 axb4 21. Rc2 e6 22. f4 Ra5 23. Kf3 e5 24. fxe5 Rxe5 {½-½ (38) Migliorini,R (1998)-Kirali,H (1861) FICGS email 2010}) 18... a4 19. bxa4 Rxc1 20. Rxc1 $11 {[%mdl 4096] Endgame KRN-KRN} Nc5 21. Nc3 Nxa4 22. Nxa4 Rxa4 {KR-KR} 23. Rc2 Kf6 24. Rc6+ Kg7 25. Rxb6 Rxa2 26. Kf1 Ra1+ 27. Kg2 Ra2 28. Kf1 Ra1+ 29. Kg2 1/2-1/2

[Event "GCT Zagreb 2019"]
[Site "Zagreb"]
[Date "2019.06.27"]
[Round "2.6"]
[White "Nakamura, Hikaru"]
[Black "Mamedyarov, Shakhriyar"]
[Result "1/2-1/2"]
[WhiteElo "2754"]
[BlackElo "2774"]
[Annotator "TA"]
[PlyCount "50"]
[EventDate "2019.06.26"]
[EventType "tourn"]
[EventCountry "CRO"]
[SourceTitle "playchess.com"]
[Source "ChessBase"]
[SourceQuality "1"]

{[%evp 15,50,5,19,0,0,0,0,0,9,13,22,10,41,36,32,23,25,27,38,20,21,18,8,0,8,0,0,0,0,0,0,0,0,0,0,0,0]} 1. d4 Nf6 2. c4 g6 3. Nc3 d5 4. cxd5 Nxd5 5. e4 Nxc3 6. bxc3 Bg7 7. Bb5+ c6 8. Ba4 O-O 9. Nf3 {D85: Exchange Grünfeld: Unusual White 7th moves and lines with 7 Nf3} (9. Ne2 b5 10. Bb3 a5 11. a4 b4 12. cxb4 axb4 13. Be3 c5 14. Rc1 cxd4 15. Nxd4 Bd7 16. O-O Qe8 17. Rc4 Bxa4 18. Rxb4 Bxb3 19. Qxb3 {½-½ (30) Svidler,P (2729)-Grischuk,A (2794) Sochi 2015}) 9... c5 10. O-O cxd4 11. cxd4 {[%cal Bc3d4,Bd4d5][%mdl 32]} Bg4 12. Rb1 Nc6 {[%cal Rc6d4,Bb8c6,Bc6a5,Ba5c4][%mdl 32]} 13. d5 Na5 $146 (13... Nd4 $5) ({Predecessor:} 13... Nd4 14. Bb2 Bxf3 15. gxf3 e5 16. f4 b5 17. fxe5 Bxe5 {1-0 (38) Graf,A (2632)-Kovchan,A (2488) Warsaw 2005}) 14. h3 Bxf3 15. Qxf3 a6 16. Bf4 b5 17. Bc2 Rc8 {The position is equal.} 18. Qe2 Nc4 19. Rbd1 Qb6 20. h4 Rfd8 21. h5 Be5 22. Bc1 Bb2 23. Bf4 Be5 24. Bc1 Bb2 25. Bf4 Be5 {Accuracy: White = 59%, Black = 79%.} 1/2-1/2

[Event "GCT Zagreb 2019"]
[Site "Zagreb"]
[Date "2019.06.28"]
[Round "3.1"]
[White "Caruana, Fabiano"]
[Black "Carlsen, Magnus"]
[Result "1/2-1/2"]
[WhiteElo "2819"]
[BlackElo "2875"]
[Annotator "TA"]
[PlyCount "135"]
[EventDate "2019.06.26"]
[EventType "tourn"]
[EventCountry "CRO"]
[SourceTitle "playchess.com"]
[Source "ChessBase"]
[SourceQuality "1"]

{[%evp 13,134,52,52,41,52,44,56,46,49,46,54,15,47,0,11,11,11,25,17,-11,30,45,36,4,39,0,0,0,0,0,0,-25,0,0,0,0,0,0,0,-6,-14,-12,-5,-36,-7,-22,-24,-31,-4,-3,0,0,2,3,5,1,0,4,4,0,8,14,16,12,39,39,39,39,53,53,84,84,84,84,84,84,84,84,84,84,84,84,84,84,84,84,84,84,85,84,84,84,197,197,236,46,46,46,46,46,46,46,46,46,46,8,8,8,8,8,8,8,8,8,8,8,8,8,8,8,8,8,8]} 1. e4 e5 2. Nf3 Nc6 3. Bb5 a6 4. Ba4 Nf6 5. O-O Nxe4 6. d4 Be7 7. Re1 b5 8. Rxe4 {C84: Closed Ruy Lopez: Unusual White 6th moves} d5 9. Nxe5 Nxe5 10. Rxe5 {White is slightly better.} bxa4 11. Nc3 (11. Qe2 c6 12. Nc3 Ra7 13. Nxa4 O-O 14. Bd2 Bd6 15. f4 Bxe5 16. fxe5 {½-½ (65) Saric,I (2695)-Ragger,M (2687) St Petersburg 2018}) 11... O-O 12. Re1 Bd6 13. Qh5 {[#]} a3 $146 ({Predecessor:} 13... c6 14. Nxa4 Qa5 15. Nc3 Rb8 {1-0 (39) Preotu,R (2524)-Mikhalevski,V (2581) chess.com INT 2019}) 14. Nxd5 axb2 15. Bxb2 Rb8 $1 {[%cal Rb8b2]} 16. Rab1 Re8 (16... Be6 $5 {[%cal Re6d5]} 17. c4 g6 $11) 17. Ne3 Bf4 18. d5 Rb4 19. c4 Bxe3 $1 20. Rxe3 Rxe3 21. fxe3 Rxc4 22. Bd4 c5 23. Ba1 f6 {Black wants to play ...Bg4.} (23... Bg4 $5 24. Qe5 $8 f6 $11) 24. h3 Qe7 25. Qf3 h6 26. Re1 Re4 27. Kf2 Bd7 28. Rd1 Kh7 29. Rd2 Qe8 30. Bb2 Ra4 31. a3 Rc4 32. Re2 Qg6 33. e4 Ba4 {Threatens to win with ...Bd1.} 34. d6 {Black must now prevent Qd3.} Bc6 {[%cal Rc4e4]} 35. Qg3 Qxg3+ 36. Kxg3 $11 {[%mdl 4096] Endgame KRB-KRB} Kg6 37. e5 fxe5 38. Bxe5 h5 39. Bb2 h4+ 40. Kh2 Kf5 41. Bxg7 Re4 42. Rxe4 $1 Kxe4 $16 {KB-KB} 43. Bf6 c4 44. Bxh4 c3 45. Bf6 c2 46. Bb2 Kd5 47. g4 Kxd6 48. Kg3 Bb5 49. Kf3 Ke7 50. h4 Kf8 51. h5 {Hoping for g5.} Be8 52. Kg3 Kg8 {[#]} (52... Ke7 $16) 53. Kh4 $1 $18 Kh7 {[#]} 54. Kg5 $2 ({White has to play} 54. g5 $1 $18) 54... Bd7 55. Kf4 a5 56. Kg5 a4 57. Kf4 Be6 58. g5 Bf7 59. g6+ (59. h6 {seems wilder.} Kg6 60. Bc1 Be6 61. Be3 Bd7 62. Ke4) 59... Bxg6 $1 {The position is equal.} 60. hxg6+ Kxg6 $11 {KB-KPP} 61. Ke5 {aiming for Kd4.} Kf7 62. Kd6 Ke8 63. Bc1 Kd8 64. Kc6 Kc8 65. Bf4 c1=Q+ 66. Bxc1 {Strongly threatening Bf4.} Kb8 67. Kb6 Ka8 68. Bf4 {Accuracy: White = 68%, Black = 65%.} 1/2-1/2

[Event "GCT Zagreb 2019"]
[Site "Zagreb"]
[Date "2019.06.28"]
[Round "3.2"]
[White "Mamedyarov, Shakhriyar"]
[Black "Nepomniachtchi, Ian"]
[Result "0-1"]
[WhiteElo "2774"]
[BlackElo "2775"]
[Annotator "TA"]
[PlyCount "64"]
[EventDate "2019.06.26"]
[EventType "tourn"]
[EventCountry "CRO"]
[SourceTitle "playchess.com"]
[Source "ChessBase"]
[SourceQuality "1"]

{[%evp 15,64,24,22,22,26,26,44,30,29,17,27,25,39,0,0,0,0,0,0,-49,-14,-115,-118,-116,-133,-129,-120,-148,-164,-139,-130,-191,-125,-115,-108,-98,-120,-251,-201,-320,-307,-419,-410,-418,-408,-394,-394,-389,-368,-626,-615]} 1. d4 Nf6 2. c4 g6 3. Nf3 Bg7 4. e3 O-O 5. Be2 d6 6. Nc3 Nbd7 7. O-O e5 8. b3 {[%cal Bb2b3,Bb3b4][%mdl 32]} Re8 9. h3 {E61: King's Indian: Early deviations for White, including Smyslov System} (9. Bb2 e4 10. Nd2 Nf8 11. Nd5 Nxd5 12. cxd5 Qg5 13. Re1 Qxd5 14. Qc2 c6 15. b4 a6 16. Nc4 Nd7 17. f3 exf3 18. Bxf3 {1-0 (54) Bindrich,F (2606)-Teterev,V (2486) St Petersburg 2018}) 9... e4 10. Nd2 $146 ({Predecessor:} 10. Nh2 c6 11. Bd2 d5 12. c5 Nf8 13. b4 h5 14. a4 N6h7 15. b5 Ng5 16. h4 Ngh7 {0-1 (52) Mbatha,C-Sischy,M (1980) Khanty-Mansiysk 2010}) 10... h5 11. b4 {White is slightly better.} Nf8 {[%cal Bd7f8,Bf8h7,Bh7f6][%mdl 32]} 12. Re1 Bf5 13. Bb2 Qd7 14. Nd5 Nxd5 15. cxd5 Qe7 16. Rc1 Nh7 17. Qc2 Qg5 18. Qxc7 (18. Kh2 $11) 18... Bxh3 $1 $17 {[%csl Gh3][%cal Rg5g2]} 19. Bf1 {[#]} Bf8 $1 20. Qxb7 Nf6 21. Qa6 Bc8 22. Qa4 Bd7 23. Qd1 {[#]} (23. Bb5 $17 Bxb5 24. Qxb5) 23... Bg4 (23... h4 $1 $19 24. Rc7 h3) 24. f3 exf3 25. Nxf3 Qh6 26. Qb3 (26. Qd2 $17) 26... h4 27. Ne5 (27. Qd3 $142) 27... h3 $19 ({Much less strong is} 27... dxe5 28. dxe5 Ne4 29. Bd3 $19) 28. Nxg4 Nxg4 29. gxh3 Nxe3 30. Rc3 {[%cal Rc3e3]} Nf5 ({Weaker is} 30... Nxf1 31. Rxf1 Bg7 32. Kh1 $17) 31. Rd1 Qh5 32. Rf3 $2 (32. Bc1 Bg7 33. Rcd3) 32... Bh6 {Accuracy: White = 29%, Black = 75%.} 0-1

[Event "GCT Zagreb 2019"]
[Site "Zagreb"]
[Date "2019.06.28"]
[Round "3.3"]
[White "Vachier-Lagrave, Maxime"]
[Black "Ding, Liren"]
[Result "1/2-1/2"]
[WhiteElo "2779"]
[BlackElo "2805"]
[Annotator "TA"]
[PlyCount "65"]
[EventDate "2019.06.26"]
[EventType "tourn"]
[EventCountry "CRO"]
[SourceTitle "playchess.com"]
[Source "ChessBase"]
[SourceQuality "1"]

{[%evp 12,65,22,18,31,25,22,24,21,23,29,22,24,31,51,32,39,50,48,40,31,45,68,62,71,33,40,55,58,24,31,27,41,43,70,0,4,0,0,0,0,0,0,0,0,0,0,0,0,0,0,0,0,0,0,0]} 1. e4 e5 2. Nf3 Nc6 3. Bc4 Bc5 4. O-O Nf6 5. d3 d6 6. c3 O-O $146 ({Predecessor:} 6... a5 7. Re1 {½-½ (25) Ragger,M (2682)-Van Foreest,J (2601) Brest 2019}) 7. Re1 a5 {C54: Giuoco Piano: 4 c3 Nf6, main lines with 5 d4 and 5 d3} 8. Bg5 h6 9. Bh4 g5 {White has an edge.} 10. Bg3 Nh7 11. d4 Bb6 12. dxe5 h5 13. h4 $1 {[%cal Re5d6]} ({Don't play} 13. exd6 h4 $15) 13... Bg4 14. hxg5 Nxg5 {White must now prevent ...h4!} 15. exd6 h4 16. Bh2 Qf6 {[%cal Rg5f3]} 17. Nbd2 cxd6 18. Be2 (18. Qb3 $5 {[%cal Rb3b6]} Ba7 19. Be2 $11) 18... Bxf3 19. Bxf3 ({But not} 19. Nxf3 Nxe4 20. Rf1 {[#]} h3 $1 $17 {[%mdl 512]}) 19... Ne5 20. Rf1 {next Bg4 is good for White.} h3 $1 21. Bg4 d5 22. Bxh3 Rae8 {[%cal Ba8e8,Be8e5,Be5e3][%mdl 32]} 23. Kh1 ({White should try} 23. exd5 $14 Kg7 24. Bxe5 Nxh3+ 25. gxh3 Rxe5 26. Kh1) 23... dxe4 {The position is equal.} 24. Bxe5 Rxe5 25. Qg4 {Strongly threatening f4.} Bxf2 26. Nc4 e3 $1 27. Nxe3 {[%mdl 64] Remove Defender} Rxe3 {[#]} 28. Rxf2 $1 {[%mdl 512]} Qxf2 29. Qxg5+ {[%mdl 64] Double Attack} Kh8 30. Qh6+ Kg8 {...Rg3 is the strong threat.} 31. Qg5+ Kh8 32. Qh6+ Kg8 {Threatens to win with ...Rg3.} 33. Qg5+ {Accuracy: White = 86%, Black = 73%.} 1/2-1/2

[Event "GCT Zagreb 2019"]
[Site "Zagreb"]
[Date "2019.06.28"]
[Round "3.4"]
[White "Anand, Viswanathan"]
[Black "Aronian, Levon"]
[Result "1/2-1/2"]
[WhiteElo "2767"]
[BlackElo "2752"]
[Annotator "TA"]
[PlyCount "81"]
[EventDate "2019.06.26"]
[EventType "tourn"]
[EventCountry "CRO"]
[SourceTitle "playchess.com"]
[Source "ChessBase"]
[SourceQuality "1"]

{[%evp 11,81,21,21,20,22,16,29,9,21,21,19,8,16,16,13,16,12,15,18,8,14,5,16,15,18,9,13,10,15,14,22,16,17,10,22,0,0,0,0,0,0,-30,0,0,10,10,9,0,0,0,0,0,0,0,0,0,0,0,0,0,0,0,0,0,0,0,0,0,0,0,0,0]} 1. e4 e5 2. Nf3 Nc6 3. Bc4 Bc5 4. c3 Nf6 5. d3 a6 6. O-O d6 7. Re1 {C54: Giuoco Piano: 4 c3 Nf6, main lines with 5 d4 and 5 d3} (7. a4 h6 8. Nbd2 O-O 9. Re1 Re8 10. Nf1 Ba7 11. Ng3 Be6 12. Bxe6 Rxe6 13. b4 d5 14. Qb3 Qd7 15. h3 Rd8 {0-1 (76) Yu,Y (2751)-Harikrishna,P (2723) Shenzhen 2019}) 7... O-O 8. Nbd2 (8. a4 Ba7 9. h3 Kh8 10. d4 h6 11. dxe5 Nxe5 12. Nxe5 dxe5 13. Qxd8 Rxd8 14. Nd2 Kg8 15. Nf3 {½-½ (31) Anand,V (2771)-Aronian,L (2780) Batumi 2018}) 8... Ba7 9. Nf1 {White has an edge.} Na5 10. Bb3 Nxb3 11. axb3 Bg4 $146 ({Predecessor:} 11... Ng4 12. d4 exd4 13. Nxd4 d5 14. exd5 Qxd5 {1-0 (25) Degraeve,J (2575)-Smagin,S (2583) Germany 2002}) 12. h3 Bxf3 13. Qxf3 Qe8 14. b4 Qe6 15. Be3 Bxe3 16. Nxe3 c6 17. Qf5 Qxf5 18. Nxf5 Rad8 19. Rad1 Rfe8 20. Ne3 Kf8 21. f3 d5 22. Kf2 Rd7 23. Ng4 Nxg4+ 24. hxg4 $11 {[%mdl 4096] Endgame KRR-KRR} Red8 25. exd5 Rxd5 26. Ke2 Rb5 27. Rd2 {The position is equal.} a5 28. bxa5 Rxa5 29. Red1 Ke7 30. g5 {[#]} e4 $1 {[%mdl 512]} 31. f4 (31. dxe4 Rxd2+) 31... exd3+ 32. Rxd3 Rxd3 33. Rxd3 {KR-KR} Ra2 34. Rd2 f6 35. gxf6+ Kxf6 36. g4 h6 37. Kf3 Ke6 38. Ke4 Ra4+ 39. Kf3 Ra2 40. Ke4 Ra4+ 41. Kf3 {Accuracy: White = 66%, Black = 72%.} 1/2-1/2

[Event "GCT Zagreb 2019"]
[Site "Zagreb"]
[Date "2019.06.28"]
[Round "3.5"]
[White "Giri, Anish"]
[Black "So, Wesley"]
[Result "1/2-1/2"]
[WhiteElo "2779"]
[BlackElo "2754"]
[Annotator "TA"]
[PlyCount "66"]
[EventDate "2019.06.26"]
[EventType "tourn"]
[EventCountry "CRO"]
[SourceTitle "playchess.com"]
[Source "ChessBase"]
[SourceQuality "1"]

{[%evp 13,66,14,20,8,21,18,22,17,18,16,18,16,30,14,34,27,48,37,30,45,44,32,45,47,37,0,17,0,0,0,0,0,0,0,8,0,0,0,0,0,0,0,0,0,0,0,0,0,0,0,0,0,0,0,0]} 1. e4 e5 2. Nf3 Nc6 3. Bc4 Bc5 4. O-O Nf6 5. d3 O-O 6. h3 d6 7. c3 a6 8. Re1 {C54: Giuoco Piano: 4 c3 Nf6, main lines with 5 d4 and 5 d3} h6 9. Nbd2 Ba7 10. a4 Re8 (10... Nh5 11. Nf1 Qf6 {½-½ (56) Giri,A (2785)-So,W (2770) Bilbao 2016}) 11. b4 Be6 12. Bxe6 Rxe6 13. Bb2 {[#]} b5 $146 ({Predecessor:} 13... Ne7 14. c4 Ng6 15. Nf1 b5 16. axb5 axb5 {½-½ (43) Radjabov,T (2757)-Kramnik,V (2777) Wijk aan Zee 2019}) 14. d4 Re8 15. axb5 axb5 16. Qe2 exd4 17. Qxb5 dxc3 18. Bxc3 Ne5 $1 19. Qb7 {[#] And now Nxe5 would win.} (19. Nxe5 {feels hotter.} dxe5 20. Nf3 Bb6 21. Rxa8 Qxa8 22. Bxe5 Re6 23. Qe2) 19... Bb6 {The position is equal.} 20. Bxe5 dxe5 21. Rxa8 Qxa8 22. Qxa8 Rxa8 23. Nxe5 Bd4 24. Nc6 Bc3 25. Rd1 Bxd2 $1 26. Rxd2 Nxe4 $11 {[%mdl 4096] Endgame KRN-KRN} 27. Re2 Nd6 28. Rc2 Ra1+ 29. Kh2 Kf8 30. Ne5 Ra7 31. Nc6 Ra1 32. Ne5 Ra7 33. Nc6 Ra1 {Accuracy: White = 78%, Black = 76%.} 1/2-1/2

[Event "GCT Zagreb 2019"]
[Site "Zagreb"]
[Date "2019.06.28"]
[Round "3.6"]
[White "Karjakin, Sergey"]
[Black "Nakamura, Hikaru"]
[Result "1/2-1/2"]
[WhiteElo "2748"]
[BlackElo "2754"]
[Annotator "TA"]
[PlyCount "154"]
[EventDate "2019.06.26"]
[EventType "tourn"]
[EventCountry "CRO"]
[SourceTitle "playchess.com"]
[Source "ChessBase"]
[SourceQuality "1"]

{[%evp 18,154,25,17,33,28,23,32,27,23,25,29,20,27,72,9,10,7,13,13,14,9,9,11,6,10,10,11,38,28,50,22,31,9,22,22,18,21,23,18,32,32,32,32,32,17,17,17,32,32,32,32,32,32,32,32,32,32,32,32,32,32,32,24,24,24,24,24,24,24,38,24,24,0,0,0,0,0,8,8,43,43,47,54,62,37,37,37,37,37,80,80,80,80,80,0,0,0,0,0,0,0,0,0,0,0,0,0,0,0,0,0,0,0,0,0,0,0,0,0,29,0,0,0,0,0,0,0,0,0,0,0,0,0,0,0,0,0,0]} 1. d4 Nf6 2. c4 e6 3. Nf3 d5 4. Nc3 Be7 5. Bf4 O-O 6. e3 c5 7. dxc5 Bxc5 8. Qc2 Nc6 9. Rd1 Qa5 10. a3 Re8 {D37: Queen's Gambit Declined: 5 Bf4} 11. Nd2 e5 12. Bg5 {And now Nb3 would win.} Nd4 $1 {[%cal Rd4c2] White is slightly better.} 13. Qb1 (13. exd4 exd4+ 14. Be2 (14. Ne2 $2 Ng4 $19) 14... dxc3 $17) (13. Qa4 Qxa4 14. Nxa4 Nc2+ 15. Ke2 Nd4+ 16. Ke1 Nc2+ 17. Ke2 Nd4+ 18. Ke1 Nc2+ {½-½ (18) Karjakin,S (2773)-Nakamura,H (2787) Bilbao 2016}) 13... Bf5 14. Bd3 Bxd3 $1 15. Qxd3 {Black must now prevent Bxf6.} Ne4 $1 ({Avoid the trap} 15... e4 $2 16. Qb1 $18) 16. Ndxe4 ({Not} 16. exd4 exd4 17. O-O dxc3 $17) (16. Ncxe4 $16 dxe4 17. Qxe4) 16... dxe4 $11 17. Qd2 Ne6 $1 {[%cal Re6g5]} (17... Nb3 18. Qc2 $16) 18. Nxe4 {[#]} Qxd2+ $146 19. Rxd2 f5 20. Nxc5 Nxc5 21. f3 Rac8 22. O-O e4 23. Rd5 Ne6 24. Rxf5 exf3 25. R1xf3 Nxg5 26. Rxg5 {Threatening Rg4.} Rxc4 $14 {[%mdl 4096] Endgame KRR-KRR} 27. h3 Rc1+ 28. Kh2 Rc2 29. Rb5 b6 30. a4 h6 31. a5 bxa5 32. Rb7 {Rff7 is the strong threat.} Rf8 {aiming for ...Rxf3.} 33. Kg3 a6 34. Rxf8+ Kxf8 {KR-KR} 35. Rb6 Kf7 36. Rxa6 Rxb2 37. Rxa5 g5 38. Kf3 Kg6 39. Ra6+ Kg7 40. h4 gxh4 41. Ra4 h3 42. gxh3 Kf6 43. Rf4+ Ke7 44. Rh4 Rb6 $1 45. e4 Kf7 46. Kf4 Rf6+ 47. Ke5 {Hoping for Rf4.} Ra6 (47... Re6+ {is more complex.} 48. Kd5 Ra6 49. Rf4+ Kg6 50. Rf3 Ra5+) 48. Rf4+ Ke7 49. Rf5 Ra3 50. h4 Ra1 51. Kf4 Rf1+ 52. Ke3 Re1+ 53. Kd3 Rd1+ {[#]} 54. Ke2 $1 {[%cal Re2d1]} Ra1 {[#]} 55. Rh5 $1 {[%cal Rh5h6]} Kf6 56. Kd3 (56. Rxh6+ $16 Ke5 57. Kf3) 56... Rd1+ $11 57. Ke3 Re1+ 58. Kd4 Rd1+ 59. Kc5 Ke6 60. Kc4 Kf6 61. Rd5 Rh1 62. h5 Ke6 63. Rb5 Rd1 64. Ra5 Rc1+ 65. Kd4 {Threatens to win with Ra6+.} Rd1+ 66. Ke3 Re1+ 67. Kf3 Rf1+ 68. Ke2 Rb1 69. Ra6+ Ke5 {The position is equal.} 70. Rxh6 Kxe4 71. Rh8 Kf5 72. h6 Kg6 73. Kf3 Rb3+ 74. Ke2 Rb2+ 75. Kd3 Rb7 76. h7 Rxh7 77. Rxh7 Kxh7 {Accuracy: White = 60%, Black = 82%.} 1/2-1/2

[Event "GCT Zagreb 2019"]
[Site "Zagreb"]
[Date "2019.06.29"]
[Round "4.1"]
[White "Nepomniachtchi, Ian"]
[Black "Karjakin, Sergey"]
[Result "1/2-1/2"]
[WhiteElo "2775"]
[BlackElo "2748"]
[Annotator "TA"]
[PlyCount "70"]
[EventDate "2019.06.26"]
[EventType "tourn"]
[EventCountry "CRO"]
[SourceTitle "playchess.com"]
[Source "ChessBase"]
[SourceQuality "1"]

{[%evp 13,70,8,18,17,22,-26,-26,-26,-26,-26,-26,-18,-22,-31,-17,-20,-20,-27,-16,-29,-31,-67,-51,-63,-59,-90,-92,-87,-93,-91,-56,-66,-68,-82,-86,-102,0,0,0,0,0,-9,-10,-10,-8,-9,0,0,0,-3,-3,-8,-3,-8,0,-8,0,-10,0]} 1. e4 e5 2. Nf3 Nc6 3. Bc4 Bc5 4. c3 Nf6 5. d3 d6 6. O-O a6 7. Bb3 Ba7 8. h3 {C54: Giuoco Piano: 4 c3 Nf6, main lines with 5 d4 and 5 d3} (8. Nbd2 O-O 9. Re1 h6 10. Nf1 Re8 11. h3 Be6 12. Ng3 Bxb3 13. Qxb3 Qd7 14. Be3 Bxe3 15. Rxe3 d5 16. Rae1 Na5 17. Qa3 Nc6 18. Qb3 Na5 19. Qa3 Nc6 {½-½ (19) Ragger,M (2682)-Harikrishna,P (2730) Brest 2019}) 8... h6 9. Re1 g5 10. Nh2 {Black has an edge.} Rg8 11. Be3 g4 12. hxg4 Nxg4 {[#] Threatens to win with ...Bxe3.} 13. Qf3 {[%csl Gb3][%cal Rf3f7]} Rg7 14. Bxa7 {Be3 is the strong threat.} Nxh2 $146 ({Predecessor:} 14... Rxa7 15. Nd2 Nxh2 16. Kxh2 {0-1 (59) Miroshnichenko,P (2294)-Skawinski,A (2386) Warsaw 2017}) 15. Kxh2 {Strongly threatening Be3.} Qh4+ 16. Kg1 {[#] aiming for Be3.} Bg4 17. Qe3 Nxa7 18. Nd2 Nc6 19. g3 Qh3 20. Bd1 Bxd1 21. Raxd1 O-O-O 22. Qf3 Rh8 23. Nf1 {[%cal Bd2f1,Bf1e3,Be3f5][%mdl 32]} h5 24. Ne3 h4 (24... Rg5 $17 25. Qh1 (25. Qxf7 $2 h4 $19) 25... Qe6) 25. Qf5+ $11 {The position is equal.} Qxf5 26. Nxf5 Rg5 27. Re3 Kd7 28. Kg2 hxg3 29. Rxg3 Rxg3+ 30. Kxg3 Ne7 31. Nxe7 Kxe7 {KR-KR} 32. Kf3 Rh3+ 33. Kg2 Rh8 34. Kf3 Rh3+ 35. Kg2 Rh8 {Accuracy: White = 54%, Black = 75%.} 1/2-1/2